000 00400nam a2200157 i 4500
001 65422
003 ES-MaACL
005 20230906165351.0
007 t|
008 040113s1968 sp |||| | spa d
100 1 _aFresno, Leónides.
_952536
245 1 0 _aVida nada más /
_cpor Leónides Fresno.
260 _aMadrid :
_b[s.n.],
_c1968.
300 _a85 p. ;
_c17 cm.
852 _aES-MaACL
_jC-40478
999 _c65422
_d65422